00611cam a22002051a 45000010005000000030008000050050017000130080039000300350018000690350019000870400051001060410008001570820020001651000034001852450046002192600054002653000021003195040051003406500014003913183BD-RjUL20211208233705.0131218r19591955enk b 001 0 eng a(BD-RjUL)3217 a(OCoLC)3932545 aDLCcCCCdOCoLCdUkdMoSU-LdDLCdBD-RjULbeng aeng00a336.2bKAE 19591 aKaldor, Nicholas,d1908-1986.13aAn expenditure tax /cby Nicholas Kaldor. aLondon :bAllen & Unwin,c1955 [Impression 1959]. a249 p. ;c23 cm. aIncludes bibliographical references and index. 0aTaxation.